000 00326nam a2200133Ia 4500
008 100328s9999 xx 000 0 und d
082 _b36868
100 _aराजे शैलजा
245 _aललाट
260 _bनवचैतन्य
630 _aललाट
730 _aललाट
942 _cBOOK
999 _c526434
_d526431